000 00238nam a22001097a 4500
040 _cSY
100 _aWILLNGTON
245 _aA guide to calculating the shelf life fo foods.
260 _aNew Zalend
_bWIL
_c2005
300 _a27
942 _cEB
999 _c8609
_d8609